000 00974nam a22002897a 4500
001 7103
003 FISKH
005 20250623145301.0
008 250623b cb ||||| |||| 00| 0 eng d
020 _a9780531265673
040 _aFISKH
_beng
_cFISKH
_dFISKH
050 _aE303 .B884
082 _a342.7302
100 _aBurgan, Michael
245 _aThe U.S. Constitution /
_cBy Michael Burgan
260 _aNew York :
_bScholastic ,
_c2012.
300 _a64 pages :
_bcolor illustrations ;
_c23 cm .
490 _aCornerstones of Freedom
_vThird Series
505 _aZ
520 _aDescribes the history of the U.S. Constitution, its primary functions, how it has changed over the years, and why it is still important today.
521 8 _a910
_bLexile
521 8 _aZ
_bRaz-Plus
650 _aUnited States Constitution
_vJuvenile Literature
650 _aConstitutional History
_vJuvenile Literature
942 _2ddc
_cBK
_n0
999 _c7103
_d7103